000 01477nam a2200325 i 4500
001 768714001
003 CO-MdFUSB
005 20211012130428.0
007 ta
008 211006t2009 mx adbc| |||| 00| 0 spa d
020 _a9786074810936
040 _aCO-MdFUSB
_bspa
_cCO-MdFUSB
_dCO-MdFUSBC
_erda
041 _aspa
082 _223
_a300
_bM386
100 _aMartínez Ruiz, Héctor
_eautor
245 _aIntroducción a las ciencias sociales
_c/ Héctor Martínez Ruiz , Guadalupe Guerrero Dávila
264 1 _aMéxico, D.F. :
_bCengage Learning,
_c[2009]
264 4 _c© 2009
300 _a247 páginas
_c; 25 cm
336 _2rdacontent
_atexto
_btxt
337 _2rdamedia
_asin mediación
_bn
338 _2rdacarrier
_avolumen
_bnc
490 _aCon enfoque en competencias
505 _aReconoce la construcción del conocimiento en ciencias sociales. -- Describe los procesos de construcción de las ciencias sociales. -- Identifica el ámbito de las ciencias sociales. -- Realiza interpretaciones científicas de la realidad social. -- Explica los conceptos básicos para el estudio de los fenómenos sociales contemporáneos. -- Examina la interacción del individuo y la sociedad con las instituciones del Estado mexicano. -- Expone problemas sociales actuales de México y el mundo.
563 _aRústico
653 _aCiencias sociales -- Introducciones.
700 _95757
_aGuerrero Dávila, Guadalupe
_eautor
942 _cBK
945 _aJTF-925
999 _c66928
_d66928